Finish the Movie One-Liner 2 - Statistics

General Stats
  • This quiz has been taken 7 times
  • The average score is 6 of 30
Answer Stats
Film Quote % Correct
Gladiator "Are you not {entertained}!?"
86%
Commando "Let off some {steam}, Bennett."
71%
Unforgiven "You just shot an un{armed} man.""Well he shoulda {armed} himself."
71%
Die Hard "Next time you have a chance to kill someone, don't hesitate""Thanks for the {advice}."
57%
Commando "Don't disturb my friend, he's {dead tired}."
43%
The Spy Who Loved Me "All those {feathers} and he still can't fly."
29%
Lethal Weapon 2 "Diplomatic immunity!""It's just been {revoked}."
29%
Home Alone "Keep the change, {ya filthy animal}."
29%
Commando "Leave anything for us?" "Just {bodies}."
29%
Total Recall (1990) "Sweetheart, be reasonable. After all, we're married."... "Consider that a {divorce}."
29%
The World is Not Enough "You wouldn't kill me. You'd {miss} me."... "I never {miss}."
29%
The Running Man (1987) "Here is Sub-Zero! Now {Plain Zero}!"
14%
Black Dynamite "How did you know?""Donuts don't wear {alligator} shoes."
14%
The Good, The Bad, and The Ugly "Now I find you exactly in the position that suits me"... "When you have to {shoot}, {shoot}. Don't talk."
14%
Speed Racer "Oh my God, was that a ninja?""More like a {non-ja}."
14%
Rush Hour "{Wipe} yourself off, man. You dead."
14%
The Fifth Element "Anybody else wanna {negotiate}?"
0%
Star Wars Episode V: The Empire Strikes Back "{Apology accepted}, Captain Needa."
0%
Jay & Silent Bob Strike Back "{Applesauce}, bitch."
0%
Army of Darkness "Good? Bad? {I'm the guy with the gun}."
0%
Last Action Hero "Hello!? I've just shot somebody, I did it {on purpose}!"
0%
Die Hard "He won't be joining us for {the rest of his life}."
0%
Watchmen "Huh. Never disposed of sewage with a {toilet} before. Obvious, really."
0%
Django Unchained "I like the {way you die}, boy."
0%
Hellboy "I'm {fireproof}, you're not."
0%
Outrageous Fortune "Nine years of {ballet}, asshole!"
0%
Buffy the Vampire Slayer "Now I'm a god." "And now, you're a {coat rack}."
0%
Star Wars Episode III: Revenge of the Sith "So {uncivilized}."
0%
The Sixth Day "When I said you should {screw yourself}, I didn't mean for you to take it literally."
0%
Die Hard II: Die Harder "{Yippie-ki-yay, motherfucker}."
0%
No matching quizzes found
Score Distribution
Percent of People with Each Score
Percentile by Number Answered
Your Score History
You have not taken this quiz